Statistics for Ideal Social Distancing Countries

Click here to take the quiz!

General Stats

  • This quiz has been taken 10 times
  • The average score is 6 of 10

Answer Stats

PopulationArea(Sq Km)Answer% Correct
74476883000Guyana
80%
49198963039Suriname
80%
31105839768Iceland
80%
70842718147Bhutan
60%
8831257054Fiji
60%
57189010985Solomon Islands
50%
7570748880Djibouti
40%
6618075415Montenegro
40%
66862510830Equatorial Guinea
30%
3211158867Belize
30%

Score Distribution

Percentile by Number Answered

Percent of People with Each Score

Your Score History

You have not taken this quiz